00567 2200241 4500001002100000008004100021035001900062245005200081100001600133110001600149250000500165260003700170300002600207020001900233022001800252024000500270084001300275520000500288082000700293650000500300863000500305990001500310INLIS000000000000011 Ind $a 0010-1222000010$a SALAH ASUHAN : $b SALAH ASUHAN / $c ABDOEL MOEIS$a ABDOEL MOEIS$a ABDOEL MOEIS$a I$a Jakarta $b BALAI PUSTAKA $c 2009 $a 68 hlm. ; $c 17x25 cm.$a 978-222-666-444$a 856-225-456-78$a -$a 800 ABD s$a -$a 800$a -$a 1$a 1480/p/2018